00500nam a2200133Ia 4500008004100000100001900041245004700060260006400107300001800171650001500189856007000204999001900274952007300293160712s9999 xx 000 0 und d aManalo, Paolo. cPaolo ManaloaJHemLeT, PhRInZ op JHenMarK! c2013bJournal of English Studies and Comparative Literature avol. 13 no. 1 xLITERATURE uhttp://journals.upd.edu.ph/index.php/jescl/issue/view/410/showToc c297318d297318 001040aCLbCLd2016-07-12l0r2016-07-12 00:00:00w2016-07-12yFEJ